Normal view
MARC view
Entry Personal Name
001 - CONTROL NUMBER
- control field: 23981
003 - CONTROL NUMBER IDENTIFIER
- control field: OSt
005 - DATE AND TIME OF LATEST TRANSACTION
- control field: 20220317100431.0
008 - FIXED-LENGTH DATA ELEMENTS
- fixed length control field: 220317|| aca||aabn | a|a d
040 ## - CATALOGING SOURCE
- Original cataloging agency: OSt
- Transcribing agency: OSt
100 ## - HEADING--PERSONAL NAME
- Personal name: ANDO (David J) Ed
670 ## - SOURCE DATA FOUND
- Source citation: Work cat.: (OSt): James Barker 23978, Mass Spectrometry, 2008